| 000 | 00685nam a22001577a 4500 | ||
|---|---|---|---|
| 003 | OSt | ||
| 005 | 20151008092317.0 | ||
| 008 | 151008b xxu||||| |||| 00| 0 eng d | ||
| 040 | _cRUA | ||
| 082 | _aAVM SOM 2006 B078 Or.1 | ||
| 100 |
_92337 _aSOM, KUNTHEARITH. |
||
| 245 | _aThe invesigation on family pig raising in tbeng mean chey district, preah vihear province (ការអង្កេតទៅលើការចិញ្ចឺមជ្រូកជាលក្ខណះគ្រួសារនៅស្រុកត្បែងមានជ័យខេត្តព្រះវិហារ) | ||
| 260 |
_aPhnom Penh _bRUA _c2006 |
||
| 300 |
_aix, 33p. _bill. _c29cm. |
||
| 942 |
_2ddc _cAVM |
||
| 999 |
_c2203 _d2203 |
||